| 000 | 00000nas 2200000zi 4500 |
| 001 | 9.944334 |
| 003 | CaOODSP |
| 005 | 20250131143724 |
| 006 | m o d f |
| 007 | cr cn |||||||| |
| 008 | 241022c20259999qucar p o f0###a0eng|d |
| 022 | |a2818-7822 |
| 040 | |aCaOODSP|beng|erda|cCaOODSP |
| 043 | |an-cn--- |
| 086 | 1 |aEm9-17E-PDF |
| 222 | 2|aA performance indicator framework for accessibility data. Communication other than information and communication technology |
| 245 | 02|aA performance indicator framework for accessibility data. |pCommunication other than information and communication technology. |
| 246 | 30|aCommunication other than information and communication technology |
| 264 | 1|a[Gatineau, Quebec] : |bEmployment and Social Development Canada = Emploi et développement social Canada, |c[2025]- |
| 310 | |aAnnual |
| 336 | |atext|btxt|2rdacontent |
| 337 | |acomputer|bc|2rdamedia |
| 338 | |aonline resource|bcr|2rdacarrier |
| 362 | 1 |aBegan with: January 29, 2025. |
| 500 | |aIssued also in French under title: Un cadre d'indicateurs de rendement pour les données sur l'accessibilité. Les communications, autres que les technologies de l'information et des communications. |
| 588 | |aDescription based on: January 29, 2025; title from PDF cover page. |
| 588 | |aLatest issue consulted: January 29, 2025. |
| 650 | 0|aPeople with disabilities|xMeans of communication|zCanada|vPeriodicals. |
| 650 | 0|aBarrier-free design|xGovernment policy|zCanada|xEvaluation|vPeriodicals. |
| 650 | 0|aBarrier-free design|xStandards|zCanada|vPeriodicals. |
| 655 | 7|aPeriodicals|2lcgft |
| 710 | 1 |aCanada. |bEmployment and Social Development Canada, |eissuing body. |
| 775 | 08|tUn cadre d'indicateurs de rendement pour les données sur l'accessibilité. |w(CaOODSP)9.945696 |